AJR Lyrics - Locations - Statistics

General Stats
  • This quiz has been taken 67 times
    34 since last reset
  • The average score is 10 of 19
Answer Stats
Song Answer % Correct
Steve´s Going To London London
90%
I Won´t Japan (?)
85%
I´m Not Famous, Way Less Sad, Hole In The Bottom Of My Brain L.A. (Los Angeles)
70%
I Won´t Acapulco
65%
Adventure Is Out There Germany
65%
I Won´t Tel Aviv
65%
Way Less Sad New York
60%
Joe Belarus
50%
God Is Really Real Paris
50%
Growing Old On Bleecker Street Bleecker Street
45%
The Trick France
45%
The Entertainment´s Here, Humpty Dumpty (Las) Vegas
45%
Christmas In June New Orleans
45%
Big Idea, Come Hang Out Bahamas
40%
Christmas In June Tribeca
40%
Come Hang Out Chicago
30%
Christmas In June Iowa State (University)
30%
Steve´s Going To London Tucson
25%
Record Player Monterey
20%
No matching quizzes found
Score Distribution
Percent of People with Each Score
Percentile by Number Answered
Your Score History
You have not taken this quiz since the last reset